[Event "aut_chT04"]
[Site "Fuerstenfeld"]
[Date "2005.01.13"]
[Round "4"]
[Board "1"]
[White "Gustafsson, Jan"]
[Black "Rotstein, Arkadij"]
[Result "1/2-1/2"]
[WhiteElo "2616"]
[BlackElo "2528"]
[PlyCount "54"]

1.d4 Nf6 2.c4 e6 3.Nf3 c5 4.g3 cxd4 5.Nxd4 a6 6.Bg2 Be7 7.O-O O-O 8.Nc3 d6 9.e4
Bd7 10.b3 Nc6 11.Bb2 Nxd4 12.Qxd4 b5 13.e5 dxe5 14.Qxe5 bxc4 15.Bxa8 Qxa8
16.bxc4 Qf3 17.Qe2 Qf5 18.Nd1 Bc5 19.Ne3 Qe4 20.Qc2 Bc6 21.Qxe4 Nxe4 22.Rfd1 Ng5
23.Kf1 Nf3 24.h4 f5 25.Ng2 Nh2+ 26.Kg1 Nf3+ 27.Kf1 Nh2+

[Event "aut_chT04"]
[Site "Fuerstenfeld"]
[Date "2005.01.13"]
[Round "4"]
[Board "2"]
[White "Beim, Valeri"]
[Black "Gavrikov, Viktor"]
[Result "1/2-1/2"]
[WhiteElo "2512"]
[BlackElo "2538"]
[PlyCount "60"]

1.d4 Nf6 2.Bg5 d5 3.e3 c6 4.Bd3 Qb6 5.Qc1 g6 6.Bxf6 exf6 7.Ne2 f5 8.Nd2 Nd7 9.c4
dxc4 10.Nxc4 Bb4+ 11.Nc3 Qd8 12.a3 Be7 13.O-O O-O 14.Rd1 Nb6 15.Na5 Rb8 16.Qc2
Be6 17.b4 Bd6 18.Be2 Qe7 19.Bf3 Rfc8 20.Qe2 Rc7 21.g3 Rbc8 22.e4 fxe4 23.Nxe4
Bd5 24.Nc5 Qxe2 25.Bxe2 Rb8 26.Bf1 Kf8 27.Rac1 Nd7 28.Bg2 Bxg2 29.Kxg2 Nf6
30.Re1 Bxc5

[Event "aut_chT04"]
[Site "Fuerstenfeld"]
[Date "2005.01.13"]
[Round "4"]
[Board "3"]
[White "Atlas, Valery"]
[Black "Balinov, Ilia"]
[Result "1/2-1/2"]
[WhiteElo "2478"]
[BlackElo "2372"]
[PlyCount "94"]

1.e4 c5 2.Nf3 e6 3.d4 cxd4 4.Nxd4 Nf6 5.Nc3 Nc6 6.g3 Qb6 7.Nb3 Bb4 8.Be3 Bxc3+
9.bxc3 Qc7 10.Bg2 d5 11.Bf4 e5 12.exd5 exf4 13.dxc6 O-O 14.O-O Bg4 15.cxb7 Rad8
16.Qb1 f3 17.Bh1 Ne4 18.Qb2 Nxc3 19.Nc1 Rb8 20.Qb4 f5 21.h3 Rxb7 22.Qf4 Qxf4
23.gxf4 Bxh3 24.Bxf3 Re7 25.Bg2 Bg4 26.a4 Rc8 27.Ra3 Kf8 28.a5 Rc4 29.Rb3 Rc5
30.a6 Be2 31.Re1 Bxa6 32.Rxe7 Kxe7 33.Ra3 Bb5 34.Rxa7+ Kf6 35.Bf3 Ne4 36.Ra2 Rc3
37.Bg2 h5 38.Rb2 Bc4 39.Nb3 Bxb3 40.cxb3 Nc5 41.b4 Nd3 42.Rb1 Nxf4 43.b5 Nxg2
44.b6 Rc8 45.Kxg2 Rb8 46.b7 g5 47.f4 gxf4

[Event "aut_chT04"]
[Site "Fuerstenfeld"]
[Date "2005.01.13"]
[Round "4"]
[Board "4"]
[White "Mahdy, Khaled"]
[Black "Baramidze, David"]
[Result "1/2-1/2"]
[WhiteElo "2383"]
[BlackElo "2550"]
[PlyCount "37"]

1.e4 c5 2.Nf3 d6 3.Bb5+ Nd7 4.O-O a6 5.Bxd7+ Bxd7 6.Re1 Nf6 7.e5 dxe5 8.Nxe5 e6
9.d3 Be7 10.Qf3 Qc8 11.Bg5 O-O 12.Nd2 h6 13.Bh4 Nd5 14.Bxe7 Nxe7 15.Ndc4 Nd5
16.Ne3 Ne7 17.N3c4 Nd5 18.Ne3 Ne7 19.N3c4

[Event "aut_chT04"]
[Site "Fuerstenfeld"]
[Date "2005.01.13"]
[Round "4"]
[Board "5"]
[White "Gaertner, Guntram"]
[Black "Kilgus, Georg"]
[Result "1/2-1/2"]
[WhiteElo "2353"]
[BlackElo "2353"]
[PlyCount "60"]

1.Nf3 Nf6 2.b3 g6 3.Bb2 Bg7 4.e3 d6 5.d4 O-O 6.Be2 e5 7.dxe5 Nfd7 8.O-O Nc6
9.Nbd2 Ncxe5 10.Qc1 Qe7 11.Rd1 b6 12.Nc4 Bb7 13.Ncxe5 Nxe5 14.Nxe5 Bxe5 15.Bxe5
Qxe5 16.Rd4 f5 17.Qd1 Rad8 18.c4 c5 19.Rd2 f4 20.exf4 Rxf4 21.Bf1 Rdf8 22.Rc1
Rh4 23.h3 Rxh3 24.gxh3 Qg5+ 25.Kh2 Qf4+ 26.Kg1 Bf3 27.Qe1 Rf5 28.Rd5 Rxd5
29.cxd5 Qg5+ 30.Kh2 Qf4+

[Event "aut_chT04"]
[Site "Fuerstenfeld"]
[Date "2005.01.13"]
[Round "4"]
[Board "6"]
[White "Kleiser, Gregor"]
[Black "Feistenauer, Fred"]
[Result "1/2-1/2"]
[WhiteElo "2262"]
[BlackElo "2285"]
[PlyCount "44"]

1.e4 d5 2.exd5 Nf6 3.d4 Nxd5 4.Nf3 g6 5.c4 Nb6 6.Nc3 Bg7 7.c5 Nd5 8.Qb3 c6 9.Bc4
O-O 10.O-O Nxc3 11.bxc3 b5 12.cxb6 axb6 13.Re1 Ba6 14.Bxa6 Rxa6 15.Bg5 Re8
16.Ne5 Qd5 17.Bf4 e6 18.Nd3 Nd7 19.Qc2 Qc4 20.Nb2 Qd5 21.Nd3 Qc4 22.Nb2 Qd5

[Event "aut_chT04"]
[Site "Fuerstenfeld"]
[Date "2005.01.14"]
[Round "5"]
[Board "1"]
[White "Rotstein, Arkadij"]
[Black "Pinter, Jozsef"]
[Result "1/2-1/2"]
[WhiteElo "2528"]
[BlackElo "2535"]
[PlyCount "129"]

1.c4 e6 2.Nf3 Nf6 3.g3 d5 4.b3 Be7 5.Bg2 O-O 6.O-O c5 7.e3 Nc6 8.Bb2 b6 9.Qe2
Bb7 10.Rd1 Rc8 11.d3 Rc7 12.Nc3 Rd7 13.cxd5 Nxd5 14.Nxd5 Rxd5 15.d4 Rd7 16.dxc5
Bxc5 17.Rxd7 Qxd7 18.Ng5 Qe7 19.Qg4 f5 20.Qc4 Bc8 21.Nh3 Na5 22.Qc3 Bb4 23.Qc2
Bb7 24.Bxb7 Qxb7 25.Rc1 Bd6 26.Nf4 Qe7 27.Qc3 e5 28.Nd5 Qf7 29.Rd1 Nb7 30.Qc6
Rd8 31.Nc3 Bf8 32.Rxd8 Nxd8 33.Qc8 Ne6 34.Nb5 f4 35.Bxe5 fxe3 36.fxe3 Qf5 37.Bb2
Qb1+ 38.Qc1 Qd3 39.Nd4 Bc5 40.Qc3 Qd1+ 41.Kf2 Ng5 42.Qc4+ Kh8 43.Kg2 Qg4 44.Qd5
h6 45.Qf5 Qd1 46.h4 Ne4 47.Qxe4 Qd2+ 48.Kh3 Qxb2 49.Ne6 Qf2 50.Nxc5 bxc5 51.a4
Qf1+ 52.Qg2 Qd3 53.a5 Qxe3 54.Qd5 Kh7 55.h5 Qg5 56.Qxg5 hxg5 57.Kg2 g6 58.hxg6+
Kxg6 59.Kf3 Kf5 60.a6 g4+ 61.Ke3 Ke5 62.Kd3 Kd5 63.Ke3 Ke5 64.Kd3 Kd5 65.Ke3

[Event "aut_chT04"]
[Site "Fuerstenfeld"]
[Date "2005.01.14"]
[Round "5"]
[Board "3"]
[White "Balinov, Ilia"]
[Black "Fogarasi, Tibor"]
[Result "0-1"]
[WhiteElo "2372"]
[BlackElo "2442"]
[PlyCount "88"]

1.e4 c5 2.Nf3 e6 3.d4 cxd4 4.Nxd4 a6 5.Bd3 b6 6.Nc3 Bb7 7.Qe2 Bc5 8.Be3 Ne7
9.O-O-O Nbc6 10.Nxc6 Nxc6 11.Na4 d6 12.Nxc5 bxc5 13.f4 O-O 14.e5 Nb4 15.exd6
Nxa2+ 16.Kb1 Qa5 17.Qh5 f5 18.Bc4 Nc3+ 19.bxc3 Be4 20.Bxe6+ Kh8 21.Kb2 Rab8+
22.Bb3 c4 23.Ra1 Qb5 24.Qe2 Qc6 25.Ra3 a5 26.Rha1 Bd5 27.Bd4 Rf7 28.Qe5 cxb3
29.Rxb3 Bxb3 30.cxb3 Rfb7 31.Ra3 Re8 32.Rxa5 Rxe5 33.fxe5 Kg8 34.g3 Kf7 35.b4 g5
36.Kb3 Ke6 37.Rc5 Qa6 38.Kc2 f4 39.Rc8 Qe2+ 40.Kb3 f3 41.Re8+ Kd5 42.e6 Qc4+
43.Ka3 Qa6+ 44.Kb3 Qxd6

[Event "aut_chT04"]
[Site "Fuerstenfeld"]
[Date "2005.01.14"]
[Round "5"]
[Board "4"]
[White "Baumegger, Siegfried"]
[Black "Mahdy, Khaled"]
[Result "1-0"]
[WhiteElo "2417"]
[BlackElo "2383"]
[PlyCount "119"]

1.d4 Nf6 2.c4 e6 3.Nc3 Bb4 4.e3 O-O 5.Bd3 d5 6.Nf3 c5 7.O-O Nc6 8.a3 Bxc3 9.bxc3
dxc4 10.Bxc4 Qc7 11.Bd3 e5 12.Qc2 Re8 13.e4 exd4 14.cxd4 Bg4 15.e5 Bxf3 16.exf6
Nxd4 17.Bxh7+ Kh8 18.fxg7+ Kxg7 19.Bb2 Qd6 20.gxf3 Rh8 21.Kh1 Rxh7 22.Rg1+ Kh8
23.Rg3 Rg8 24.Qe4 Rxg3 25.fxg3 Rh5 26.Qg4 Rd5 27.Re1 Re5 28.Rd1 Rd5 29.Qc8+ Kg7
30.Qxb7 Qe5 31.Qa6 Qe3 32.Qd3 Qxd3 33.Rxd3 Kf6 34.Kg2 Rd8 35.Kf2 Ke6 36.h4 Kd5
37.h5 Rb8 38.Rd2 Rb3 39.Kg2 Kc4 40.Rf2 Kd3 41.h6 Rb8 42.g4 c4 43.Bxd4 Kxd4 44.f4
c3 45.g5 Ke4 46.Kg3 Kf5 47.Rc2 Rc8 48.h7 Kg6 49.h8=Q Rxh8 50.Rxc3 Rd8 51.Rc7
Rd3+ 52.Kg4 f5+ 53.Kh4 Rxa3 54.Rc6+ Kg7 55.Rc5 Kg6 56.Rc6+ Kg7 57.Rf6 Ra5 58.Kh5
Rb5 59.Rg6+ Kh8 60.Ra6

[Event "aut_chT04"]
[Site "Fuerstenfeld"]
[Date "2005.01.14"]
[Round "5"]
[Board "6"]
[White "Wach, Markus"]
[Black "Kleiser, Gregor"]
[Result "0-1"]
[WhiteElo "2369"]
[BlackElo "2262"]
[PlyCount "86"]

1.e4 c5 2.Nf3 e6 3.Nc3 Nc6 4.b3 Be7 5.Bb2 Bf6 6.Bb5 Nd4 7.Nxd4 Bxd4 8.f4 Qa5
9.Qe2 Ne7 10.Nd1 Bxb2 11.Nxb2 a6 12.Bd3 Qc7 13.O-O d5 14.exd5 Nxd5 15.Qg4 O-O
16.Qh4 g6 17.Nc4 Qd8 18.Qh6 Nb4 19.Ne5 Nxd3 20.cxd3 b6 21.Rae1 Qf6 22.Re3 Ra7
23.Rh3 Qg7 24.Qh4 f6 25.Ng4 Rd7 26.Re1 Rd4 27.Re4 f5 28.Nh6+ Kh8 29.Re5 Qxe5
30.fxe5 Rxh4 31.Rxh4 Kg7 32.g4 g5 33.Rh3 Kg6 34.Kg2 Bd7 35.Kg1 Be8 36.Kg2 f4
37.Kf2 Kg7 38.d4 Bg6 39.dxc5 bxc5 40.Rc3 Rd8 41.Rxc5 Rxd2+ 42.Ke1 Rxh2 43.Ra5 f3

[Event "aut_chT04"]
[Site "Fuerstenfeld"]
[Date "2005.01.14"]
[Round "5"]
[Board "1"]
[White "Shchekachev, Andrei"]
[Black "Gustafsson, Jan"]
[Result "1/2-1/2"]
[WhiteElo "2559"]
[BlackElo "2616"]
[PlyCount "54"]

1.e4 e5 2.Nf3 Nc6 3.Bb5 a6 4.Ba4 Nf6 5.O-O Be7 6.Re1 b5 7.Bb3 O-O 8.c3 d5 9.exd5
Nxd5 10.Nxe5 Nxe5 11.Rxe5 c6 12.d4 Bd6 13.Re1 Qh4 14.g3 Qh3 15.Re4 g5 16.Qe1 Bf5
17.Nd2 Nf6 18.f3 c5 19.Qe3 h6 20.Qf2 cxd4 21.cxd4 Rad8 22.Re2 Bd3 23.Re3 Qf5
24.Ne4 Nxe4 25.fxe4 Bxe4 26.Qxf5 Bxf5 27.Bd2 Kg7

[Event "aut_chT04"]
[Site "Fuerstenfeld"]
[Date "2005.01.14"]
[Round "5"]
[Board "2"]
[White "Gavrikov, Viktor"]
[Black "Hertneck, Gerald"]
[Result "1/2-1/2"]
[WhiteElo "2538"]
[BlackElo "2547"]
[PlyCount "73"]

1.c4 e5 2.g3 Nf6 3.Bg2 d5 4.cxd5 Nxd5 5.Nf3 Nc6 6.O-O Nb6 7.Nc3 Be7 8.a3 O-O
9.b4 Re8 10.d3 Bf8 11.Bb2 a5 12.b5 Nd4 13.Nd2 a4 14.e3 Ne6 15.Qc2 Nc5 16.d4 exd4
17.exd4 Ne6 18.Nf3 c6 19.bxc6 bxc6 20.Rfe1 Nc4 21.Nxa4 Nxb2 22.Nxb2 Rxa3 23.Qxc6
Nxd4 24.Nxd4 Rxe1+ 25.Rxe1 Qxd4 26.Qxc8 Qxb2 27.Bd5 Ra7 28.Re8 Qb4 29.h4 g6
30.h5 gxh5 31.Qd8 h6 32.Qf6 Qb1+ 33.Kg2 Qh7 34.Be4 Qg7 35.Qf5 Re7 36.Rxe7 Bxe7
37.Qxh5

[Event "aut_chT04"]
[Site "Fuerstenfeld"]
[Date "2005.01.14"]
[Round "5"]
[Board "3"]
[White "Zelcic, Robert"]
[Black "Atlas, Valery"]
[Result "1/2-1/2"]
[WhiteElo "2514"]
[BlackElo "2478"]
[PlyCount "147"]

1.e4 c5 2.Nf3 e6 3.d4 cxd4 4.Nxd4 Nf6 5.Nc3 d6 6.Be2 a6 7.f4 Nbd7 8.Bf3 g6 9.O-O
Bg7 10.Kh1 O-O 11.a4 Qc7 12.Nb3 Rb8 13.a5 b5 14.axb6 Rxb6 15.Be3 Rb4 16.Bd2 Rb6
17.Qe2 Bb7 18.Na4 Rb5 19.Nd4 Nxe4 20.Nxb5 axb5 21.Bxe4 bxa4 22.Bxb7 Qxb7 23.Rxa4
Qxb2 24.Bb4 Nb6 25.Ba3 Qa2 26.Ra7 Qc4 27.Qd3 Rd8 28.Ra6 Qc7 29.Bb4 Nc4 30.Bc3
Bxc3 31.Qxc3 d5 32.Qd4 Nd6 33.Rfa1 Nf5 34.Qf6 Qe7 35.Qe5 Qf8 36.Qc7 Rc8 37.Qxc8
Qxc8 38.Ra8 Qxa8 39.Rxa8+ Kg7 40.Rc8 h5 41.Kg1 Kf6 42.Kf2 Nd6 43.Rc6 Nc4 44.Rc7
Nd6 45.Kf3 Nb5 46.Rc5 Nd4+ 47.Kf2 Nf5 48.c3 Nd6 49.Kf3 Ne4 50.Rc7 Nd2+ 51.Ke2
Nc4 52.g3 Nd6 53.h3 Ne4 54.Kf3 Nd2+ 55.Ke3 Nf1+ 56.Kf2 Nd2 57.g4 hxg4 58.hxg4
Ne4+ 59.Ke3 Nd6 60.Rd7 Nc4+ 61.Kd4 Nd2 62.g5+ Kg7 63.Rc7 Nf3+ 64.Kc5 Nh4 65.Kd6
Ng2 66.Ke7 Nxf4 67.Ke8 Nh3 68.Rxf7+ Kg8 69.Rf6 Kg7 70.Rxe6 Nxg5 71.Re3 Kf6
72.Kd7 Ne4 73.c4 Ke5 74.cxd5

[Event "aut_chT04"]
[Site "Fuerstenfeld"]
[Date "2005.01.14"]
[Round "5"]
[Board "4"]
[White "Baramidze, David"]
[Black "Lendwai, Reinhard"]
[Result "1/2-1/2"]
[WhiteElo "2550"]
[BlackElo "2412"]
[PlyCount "93"]

1.e4 c5 2.Nf3 d6 3.d4 cxd4 4.Nxd4 Nf6 5.Nc3 a6 6.Be3 e5 7.Nb3 Be6 8.f3 Be7 9.Qd2
O-O 10.O-O-O Nbd7 11.g4 b5 12.g5 b4 13.Ne2 Ne8 14.f4 a5 15.Kb1 a4 16.Nbc1 exf4
17.Bxf4 b3 18.cxb3 axb3 19.a3 Nc5 20.Qe3 Qb6 21.Nd4 Nc7 22.Nf5 Bxf5 23.exf5 Rfe8
24.g6 d5 25.Bxc7 Qxc7 26.Bg2 Bf6 27.Qg3 Be5 28.gxf7+ Qxf7 29.Bxd5 Bxg3 30.Bxf7+
Kxf7 31.hxg3 Rad8 32.Rxd8 Rxd8 33.Rxh7 Rd2 34.Rh4 Rd1 35.Rc4 Nd3 36.Rc3 Nxc1
37.Rxc1 Rd3 38.Rg1 Rd2 39.g4 Kf6 40.a4 Kg5 41.a5 Rd6 42.Kc1 Rc6+ 43.Kd2 Rc2+
44.Kd3 Rxb2 45.Kc4 Ra2 46.Kxb3 Rxa5 47.Kc4

[Event "aut_chT04"]
[Site "Fuerstenfeld"]
[Date "2005.01.14"]
[Round "5"]
[Board "5"]
[White "Danner, Georg"]
[Black "Gaertner, Guntram"]
[Result "1/2-1/2"]
[WhiteElo "2435"]
[BlackElo "2353"]
[PlyCount "42"]

1.d4 d5 2.Nf3 c6 3.c4 Nf6 4.e3 Bf5 5.Nc3 e6 6.Nh4 Be4 7.f3 Bg6 8.Qb3 Qb6 9.Qxb6
axb6 10.cxd5 exd5 11.e4 dxe4 12.Nxg6 hxg6 13.fxe4 Bb4 14.Bd3 O-O 15.Ke2 Re8
16.Kf3 Nbd7 17.Bf4 Nf8 18.a3 Be7 19.Rad1 Ne6 20.Be3 Nd7 21.Bc2 Bf6

[Event "aut_chT04"]
[Site "Fuerstenfeld"]
[Date "2005.01.14"]
[Round "5"]
[Board "6"]
[White "Feistenauer, Fred"]
[Black "Ljubic, Juro"]
[Result "1/2-1/2"]
[WhiteElo "2285"]
[BlackElo "2178"]
[PlyCount "56"]

1.e4 c5 2.Nf3 b6 3.Nc3 Bb7 4.d4 cxd4 5.Nxd4 a6 6.g3 e6 7.Bg2 Qc7 8.O-O Nc6 9.Re1
d6 10.b3 Nxd4 11.Qxd4 Be7 12.Bb2 Bf6 13.Qd2 Rc8 14.e5 dxe5 15.Bxb7 Qxb7 16.Ne4
Be7 17.Bxe5 Nf6 18.Bxf6 gxf6 19.Qd4 e5 20.Qd2 Qc6 21.c4 h5 22.Rad1 Rd8 23.Qe2
Rxd1 24.Rxd1 h4 25.Qf3 Kf8 26.Qf5 hxg3 27.hxg3 Rh6 28.f3 Bc5+

[Event "aut_chT04"]
[Site "Fuerstenfeld"]
[Date "2005.01.14"]
[Round "5"]
[Board "1"]
[White "Baklan, Vladimir"]
[Black "Gyimesi, Zoltan"]
[Result "1/2-1/2"]
[WhiteElo "2578"]
[BlackElo "2602"]
[PlyCount "73"]

1.e4 e5 2.Nf3 Nc6 3.d4 exd4 4.Nxd4 Nf6 5.Nxc6 bxc6 6.e5 Qe7 7.Qe2 Nd5 8.c4 Ba6
9.Nd2 g6 10.Nf3 Qb4+ 11.Kd1 Nb6 12.b3 Bg7 13.Qd2 Qe7 14.Qa5 Bb7 15.Ba3 d6 16.Kc2
O-O 17.c5 Bxe5 18.Nxe5 Qxe5 19.Qe1 Nd5 20.cxd6 Qf6 21.d7 Rfd8 22.Rd1 Rxd7 23.Bb2
Qd6 24.Bc4 Re7 25.Qa5 Qf4 26.Kb1 Qxf2 27.Bxd5 cxd5 28.Qc3 d4 29.Rxd4 Qf5+ 30.Ka1
Qe5 31.Rhd1 Rae8 32.g3 c5 33.Rd8 Qxc3 34.Bxc3 Bc6 35.Rxe8+ Rxe8 36.Rd6 Re6
37.Rxe6

[Event "aut_chT04"]
[Site "Fuerstenfeld"]
[Date "2005.01.14"]
[Round "5"]
[Board "2"]
[White "Ftacnik, Lubomir"]
[Black "Kindermann, Stefan"]
[Result "1-0"]
[WhiteElo "2539"]
[BlackElo "2536"]
[PlyCount "79"]

1.d4 d5 2.c4 c6 3.Nf3 Nf6 4.Nc3 a6 5.e3 b5 6.c5 a5 7.Ne5 Qc7 8.Bd3 g6 9.O-O Bf5
10.Bxf5 gxf5 11.Bd2 Nbd7 12.Nxd7 Qxd7 13.f3 h5 14.Ne2 Bh6 15.Qc2 h4 16.Rae1 e6
17.Nc1 Qc7 18.Nd3 Rg8 19.Re2 h3 20.Rff2 Ke7 21.Kh1 hxg2+ 22.Rxg2 a4 23.Qc1 Rxg2
24.Rxg2 Rg8 25.Qe1 Rxg2 26.Kxg2 Bg7 27.Ba5 Qc8 28.Qg3 Ne8 29.h4 Kf8 30.h5 Bh6
31.Kf2 Qb7 32.Bb6 Qc8 33.Ne5 Qb7 34.a3 f4 35.exf4 Ng7 36.Qh4 Nf5 37.Qd8+ Kg7
38.Nd7 Kh7 39.Nf6+ Kg7 40.Bc7

[Event "aut_chT04"]
[Site "Fuerstenfeld"]
[Date "2005.01.14"]
[Round "5"]
[Board "3"]
[White "Kosten, Anthony C."]
[Black "Babula, Vlastimil"]
[Result "0-1"]
[WhiteElo "2527"]
[BlackElo "2566"]
[PlyCount "56"]

1.c4 Nf6 2.Nf3 b6 3.g3 c5 4.Bg2 Bb7 5.O-O g6 6.Nc3 Bg7 7.d4 cxd4 8.Qxd4 d6 9.Rd1
Nbd7 10.Be3 O-O 11.Qh4 Rc8 12.Rac1 a6 13.b3 Rc7 14.Bh3 Qb8 15.Bh6 b5 16.cxb5
Bxh6 17.Qxh6 axb5 18.Ng5 Qc8 19.Nd5 Bxd5 20.Rxc7 Qxc7 21.Rxd5 Qc1+ 22.Bf1 Ra8
23.Rxb5 Rxa2 24.Nxf7 Qc6 25.Ng5 Qxb5 26.Ne6 Ne8 27.Ng5 Nf8 28.Bh3 Rxe2

[Event "aut_chT04"]
[Site "Fuerstenfeld"]
[Date "2005.01.14"]
[Round "5"]
[Board "4"]
[White "Stanec, Nikolaus"]
[Black "Freitag, Manfred"]
[Result "1/2-1/2"]
[WhiteElo "2566"]
[BlackElo "2396"]
[PlyCount "94"]

1.Nf3 Nf6 2.g3 d5 3.Bg2 c6 4.d3 Bg4 5.h3 Bxf3 6.exf3 e6 7.O-O Bd6 8.f4 Qc7 9.Nd2
Nbd7 10.Nf3 O-O 11.Re1 Rfe8 12.d4 c5 13.Be3 Rac8 14.c3 b5 15.Ne5 Nb6 16.Nd3 c4
17.Ne5 Ne4 18.Kh2 f6 19.Nf3 b4 20.Qc2 bxc3 21.bxc3 Ba3 22.Nd2 f5 23.Nxe4 fxe4
24.f3 exf3 25.Bxf3 Qf7 26.Bd2 Bd6 27.Re3 Re7 28.Rf1 Rce8 29.Bg2 g6 30.Kh1 Kh8
31.Qd1 Nd7 32.Qe2 Nf6 33.g4 Rb8 34.Bc1 Rb1 35.Qc2 Reb7 36.Ree1 Bb8 37.Qe2 R7b6
38.Bf3 Ne8 39.Bg2 Ng7 40.Ba3 Rxe1 41.Qxe1 h5 42.Qh4 Kh7 43.Bb4 Rb7 44.Qg5 Bc7
45.Qh4 Bb8 46.Qg5 Bc7 47.Qh4 Bb8

[Event "aut_chT04"]
[Site "Fuerstenfeld"]
[Date "2005.01.14"]
[Round "5"]
[Board "5"]
[White "Karner, Christoph"]
[Black "Weiss, Christian"]
[Result "0-1"]
[WhiteElo "2370"]
[BlackElo "2422"]
[PlyCount "162"]

1.d4 Nf6 2.Nf3 c5 3.d5 b5 4.Bg5 Bb7 5.Bxf6 gxf6 6.e4 Bg7 7.Bxb5 f5 8.e5 Qc7
9.O-O Bxe5 10.Nxe5 Qxe5 11.Nc3 Qf6 12.Re1 O-O 13.Re3 Kh8 14.Qh5 Rg8 15.Rae1 e6
16.Rh3 Rg7 17.Qf3 a6 18.Bd3 a5 19.Qf4 Qg5 20.Qf3 Qf6 21.Qf4 Qg5 22.Qf3 Qf6
23.Rg3 Na6 24.Qf4 Nb4 25.Qc7 Bxd5 26.Nxd5 Nxd5 27.Qxd7 Qxb2 28.Qc6 Rag8 29.Qxc5
Qb4 30.Qxb4 Nxb4 31.Rxg7 Kxg7 32.Re5 Rc8 33.g3 Nxa2 34.Rxa5 Nb4 35.Kg2 Nxc2
36.Bxc2 Rxc2 37.h4 Rc4 38.Kf3 Rg4 39.Kg2 Kf6 40.Rb5 Rc4 41.f4 Rc8 42.Rb7 Re8
43.Kf2 Kg6 44.Ra7 h5 45.Ke3 f6 46.Ra6 Re7 47.Rb6 Kg7 48.Ra6 e5 49.Ra5 Kg6 50.Ra8
Rb7 51.Rg8+ Kh7 52.Ra8 Rb3+ 53.Kf2 exf4 54.gxf4 Rh3 55.Ra7+ Kg6 56.Ra8 Rxh4
57.Kf3 Rh1 58.Rb8 Rh3+ 59.Kg2 Rd3 60.Rg8+ Kh7 61.Ra8 h4 62.Rb8 Rg3+ 63.Kf2 Rg8
64.Rb7+ Kg6 65.Kf3 Rc8 66.Ra7 Rc3+ 67.Kf2 Rg3 68.Ra8 Kh5 69.Rf8 Kg4 70.Rxf6 Rb3
71.Rh6 h3 72.Rh8 Rb1 73.Ke3 h2 74.Rg8+ Kh3 75.Rh8+ Kg2 76.Rg8+ Kf1 77.Rh8 Rb3+
78.Kd4 Kg2 79.Rg8+ Rg3 80.Rh8 Rh3 81.Rg8+ Kf3

[Event "aut_chT04"]
[Site "Fuerstenfeld"]
[Date "2005.01.14"]
[Round "5"]
[Board "6"]
[White "Knoll, Hermann"]
[Black "Wegerer, Fred"]
[Result "1-0"]
[WhiteElo "2356"]
[BlackElo "2277"]
[PlyCount "145"]

1.d4 Nf6 2.Nf3 d5 3.c4 e6 4.Nc3 Nbd7 5.Bg5 Bb4 6.e3 c6 7.cxd5 exd5 8.Bd3 Qa5
9.Qc2 O-O 10.O-O Re8 11.Nd2 h6 12.Bh4 Bd6 13.Rfe1 Qc7 14.Nf1 Bb4 15.f3 Kf8
16.Rac1 a5 17.a3 Be7 18.Kh1 Qb6 19.Bf2 Qd8 20.Ng3 Bd6 21.Nf5 Bb8 22.b4 axb4
23.axb4 g6 24.Ng3 Kg7 25.Nf1 Bd6 26.Rb1 h5 27.Bg1 h4 28.e4 dxe4 29.fxe4 Nh5
30.e5 Bc7 31.Qd2 Nb6 32.Be3 Rh8 33.Ne4 Be6 34.Nc5 Bd5 35.Bg5 Qc8 36.Ne3 Ra2
37.Rb2 Rxb2 38.Qxb2 h3 39.Nxd5 hxg2+ 40.Qxg2 Nxd5 41.Rf1 Qe8 42.Bc4 b6 43.Ne4
Bxe5 44.dxe5 Qxe5 45.Bxd5 cxd5 46.Bf6+ Nxf6 47.Nxf6 d4 48.Ng4 Qd6 49.Qb7 Qe6
50.Qf3 f5 51.Qb7+ Kg8 52.Rc1 Qe4+ 53.Qxe4 fxe4 54.Nf6+ Kf7 55.Nxe4 Ke6 56.Kg2
Ke5 57.Nf2 Kd5 58.b5 g5 59.Rc6 Rb8 60.Rg6 Kc4 61.Rxg5 Rd8 62.h4 d3 63.h5 d2
64.h6 Rh8 65.Rh5 Rh7 66.Nd1 Kb3 67.Rh3+ Kc4 68.Kf3 Kxb5 69.Kg4 Kc4 70.Kg5 b5
71.Kg6 Rh8 72.h7 Re8 73.h8=Q

[Event "aut_chT04"]
[Site "Fuerstenfeld"]
[Date "2005.01.14"]
[Round "5"]
[Board "1"]
[White "Milov, Vadim"]
[Black "Lanka, Zigurds"]
[Result "0-1"]
[WhiteElo "2668"]
[BlackElo "2455"]
[PlyCount "82"]

1.d4 Nf6 2.c4 g6 3.Nc3 Bg7 4.e4 d6 5.Bg5 O-O 6.Qd2 c5 7.d5 b5 8.cxb5 a6 9.a4 Qa5
10.Ra3 Qb4 11.Bd3 axb5 12.axb5 Rxa3 13.bxa3 Qxa3 14.Nge2 Qa1+ 15.Nd1 Nbd7 16.O-O
Ne5 17.Nec3 h6 18.Bh4 Nxd3 19.Qxd3 Qa3 20.f3 Bd7 21.Rf2 Rb8 22.Rb2 Bc8 23.Qc2
Qa5 24.Ra2 Qc7 25.Bf2 Nd7 26.h3 Nb6 27.Ne3 Qb7 28.Kh2 Ra8 29.Rxa8 Qxa8 30.Qb3
Bd7 31.Nb1 Be5+ 32.Bg3 Qa1 33.Bxe5 Qxe5+ 34.Kg1 f5 35.Qc3 Qf4 36.exf5 gxf5
37.Kf2 Qh4+ 38.g3 Qxh3 39.Qa5 f4 40.gxf4 Qh2+ 41.Ke1 Qxf4

[Event "aut_chT04"]
[Site "Fuerstenfeld"]
[Date "2005.01.14"]
[Round "5"]
[Board "2"]
[White "Maiwald, Jens-Uwe"]
[Black "Ruck, Robert"]
[Result "1/2-1/2"]
[WhiteElo "2514"]
[BlackElo "2554"]
[PlyCount "113"]

1.g3 g6 2.Bg2 Bg7 3.e4 c5 4.d3 Nc6 5.f4 e6 6.Nf3 Nge7 7.O-O O-O 8.c3 b6 9.Na3
Ba6 10.Nc2 Rc8 11.Re1 d6 12.Be3 Qd7 13.Qd2 Rfd8 14.Bf2 Rc7 15.g4 e5 16.f5 d5
17.Qe3 dxe4 18.dxe4 f6 19.Bf1 Bxf1 20.Kxf1 gxf5 21.gxf5 Qe8 22.Qe2 Rcd7 23.Rad1
Bh6 24.Rxd7 Qxd7 25.Bh4 Bg7 26.Ne3 Qd3 27.Qxd3 Rxd3 28.Ke2 Rd7 29.a3 Kf7 30.b4
cxb4 31.axb4 Nc8 32.h3 Nd6 33.Rd1 Rd8 34.Nd2 Bh6 35.Bf2 Nb5 36.Nb1 Nd6 37.Ng4
Bg5 38.Kf3 Nc4 39.Rxd8 Nxd8 40.Ne3 Bxe3 41.Bxe3 Nb7 42.Nd2 Nxd2+ 43.Bxd2 Nd6
44.Ke3 a5 45.bxa5 bxa5 46.Kd3 a4 47.Bc1 Ke8 48.c4 Kd7 49.Ba3 Kc6 50.Bb4 Nb7
51.Ke3 Nc5 52.Ba3 Kb6 53.Bb4 Kc6 54.Ba3 h5 55.h4 Kb6 56.Bb4 Kc6 57.Ba3

[Event "aut_chT04"]
[Site "Fuerstenfeld"]
[Date "2005.01.14"]
[Round "5"]
[Board "3"]
[White "Ribli, Zoltan"]
[Black "Gross, David"]
[Result "1/2-1/2"]
[WhiteElo "2603"]
[BlackElo "2465"]
[PlyCount "39"]

1.d4 Nf6 2.c4 e6 3.g3 d5 4.Bg2 dxc4 5.Nf3 a6 6.O-O Nc6 7.e3 Bd7 8.Nc3 Nd5 9.Nd2
Nb6 10.Qe2 Na5 11.e4 Bb4 12.Nf3 O-O 13.Be3 Qe7 14.Rac1 c5 15.dxc5 Bxc5 16.Rfd1
Bxe3 17.Qxe3 Na4 18.Ne5 Be8 19.Rd2 Nc5 20.Ne2

[Event "aut_chT04"]
[Site "Fuerstenfeld"]
[Date "2005.01.14"]
[Round "5"]
[Board "4"]
[White "Tabernig, Bernhard"]
[Black "Brestian, Egon"]
[Result "1/2-1/2"]
[WhiteElo "2344"]
[BlackElo "2415"]
[PlyCount "93"]

1.d4 d5 2.c4 e5 3.dxe5 d4 4.Nf3 Nc6 5.g3 Nge7 6.Bg5 Bg4 7.Nbd2 Qd7 8.Bxe7 Bxe7
9.Bg2 O-O-O 10.a3 Bh3 11.Bxh3 Qxh3 12.Qc2 Qe6 13.O-O-O Nxe5 14.Nxe5 Qxe5 15.Nf3
Qc5 16.b4 Qc6 17.Qf5+ Kb8 18.Ne5 Qa6 19.Kb2 Ka8 20.Rd3 g6 21.Qxf7 Bd6 22.Nf3
Rhf8 23.Qxh7 Rde8 24.Re1 Qxc4 25.Qxg6 a5 26.Nd2 Qb5 27.f4 axb4 28.a4 Qc6 29.Nb3
Kb8 30.a5 Qa4 31.Nxd4 b3 32.Ra1 Qc4 33.Qh5 Rh8 34.Qf3 Rxh2 35.Rd2 Bc5 36.Qc3
Bxd4 37.Qxd4 Qxd4+ 38.Rxd4 Rhxe2+ 39.Kxb3 R2e3+ 40.Kc4 Rxg3 41.Rad1 Kc8 42.R1d3
Rg6 43.f5 Rf6 44.Rf4 c6 45.Kd4 Rd6+ 46.Kc4 Rf6 47.Kd4

[Event "aut_chT04"]
[Site "Fuerstenfeld"]
[Date "2005.01.14"]
[Round "5"]
[Board "6"]
[White "Schiestl, Josef"]
[Black "Bawart, Markus"]
[Result "1-0"]
[WhiteElo "2139"]
[BlackElo "2355"]
[PlyCount "115"]

1.e4 Nf6 2.e5 Nd5 3.d4 d6 4.Nf3 Nb6 5.Be2 g6 6.O-O Bg7 7.c4 O-O 8.Nc3 Nc6 9.exd6
cxd6 10.Be3 Bg4 11.b3 d5 12.c5 Nc8 13.Ne1 Bxe2 14.Nxe2 e6 15.f4 b6 16.Rc1 bxc5
17.Rxc5 Qb6 18.Nd3 Nd6 19.Ne5 Rfc8 20.Rxc6 Rxc6 21.Nxc6 Qxc6 22.Qd3 a5 23.Rc1
Qb6 24.Nc3 Nf5 25.Rd1 Rc8 26.Kf2 Qb4 27.Na4 h5 28.g3 Qa3 29.Qd2 Nxe3 30.Kxe3 Rc4
31.Qxa5 Rc2 32.Rd2 Qc1 33.Kd3 Rc8 34.Nc5 Bxd4 35.Kxd4 Rxc5 36.Rd1 Rxa5 37.Rxc1
Rxa2 38.b4 Rxh2 39.Rb1 Rc2 40.b5 Kf8 41.b6 Rc4+ 42.Kd3 Rc8 43.b7 Rb8 44.Kd4 g5
45.fxg5 Kg7 46.Kc5 Kg6 47.Kc6 d4 48.Kc7 Rxb7+ 49.Rxb7 Kxg5 50.Kd6 Kg4 51.Rxf7
Kxg3 52.Ke5 h4 53.Kxd4 h3 54.Ke3 h2 55.Rg7+ Kh3 56.Kf2 h1=N+ 57.Kf3 Kh2 58.Rg5

[Event "aut_chT04"]
[Site "Fuerstenfeld"]
[Date "2005.01.14"]
[Round "5"]
[Board "1"]
[White "Groszpeter, Attila"]
[Black "Wells, Peter"]
[Result "1/2-1/2"]
[WhiteElo "2524"]
[BlackElo "2519"]
[PlyCount "89"]

1.e4 c5 2.Nf3 Nc6 3.d4 cxd4 4.Nxd4 Nf6 5.Nc3 d6 6.Bg5 e6 7.Qd2 Be7 8.O-O-O O-O
9.f4 Nxd4 10.Qxd4 Qa5 11.e5 dxe5 12.Qxe5 Qxe5 13.fxe5 Nd5 14.Bxe7 Nxe7 15.Bd3 b6
16.Be4 Rb8 17.Rhe1 Bb7 18.Rd7 Bxe4 19.Rxe7 Rb7 20.Rxb7 Bxb7 21.g3 Bc6 22.b4 Rc8
23.Kb2 Kf8 24.a4 Ke7 25.Nb5 Bd7 26.Kb3 a6 27.Nd6 Rc7 28.c4 f6 29.b5 a5 30.Ne4 f5
31.Nd6 g5 32.h4 gxh4 33.gxh4 Be8 34.Kc3 Bg6 35.Rg1 Kf8 36.Kd4 Rc5 37.Rg2 Rc7
38.Ke3 Bf7 39.Kf4 h6 40.Rc2 Rc5 41.Rd2 Ke7 42.Re2 Kf8 43.Re1 Ke7 44.Rc1 Be8
45.Rg1

[Event "aut_chT04"]
[Site "Fuerstenfeld"]
[Date "2005.01.14"]
[Round "5"]
[Board "2"]
[White "Horvath, Adam"]
[Black "Tibensky, Robert"]
[Result "1-0"]
[WhiteElo "2538"]
[BlackElo "2442"]
[PlyCount "47"]

1.e4 c5 2.Nf3 g6 3.d4 cxd4 4.Nxd4 Bg7 5.c4 Nc6 6.Be3 Nh6 7.Nc3 O-O 8.Be2 f5
9.exf5 Bxd4 10.Bxh6 Rxf5 11.O-O Qb6 12.Qd2 d6 13.Bd3 Rf7 14.Rae1 Qa5 15.Be4 Bxc3
16.bxc3 Ne5 17.Bd5 e6 18.f4 Qc5+ 19.Kh1 Nxc4 20.Qd3 Nb6 21.Rxe6 Bxe6 22.Bxe6 Re8
23.Bxf7+ Kxf7 24.f5